| 000 | 00645cam a2200217 4500500 | ||
|---|---|---|---|
| 005 | 20260329003519.0 | ||
| 041 | _afre | ||
| 042 | _adc | ||
| 100 | 1 | 0 |
_aRogé, Antoine _eauthor |
| 245 | 0 | 0 | _aAgnès Le Leuch. La responsabilité en partage |
| 260 | _c2015. | ||
| 500 | _a13 | ||
| 690 | _aAgnès Le Leuch | ||
| 690 | _aHumanitaire | ||
| 690 | _aManagement | ||
| 690 | _aphilo | ||
| 690 | _aphilosophie | ||
| 690 | _aResponsabilité | ||
| 786 | 0 | _nPhilosophie magazine | 95 | 12-1 | 2015-12-01 | p. 8-8 | 1951-1787 | |
| 856 | 4 | 1 | _uhttps://shs.cairn.info/magazine-philosophie-magazine-2015-12-1-page-8?lang=fr&redirect-ssocas=7080 |
| 999 |
_c1825214 _d1825214 |
||